000 01038cam a2200289 a 4500
003 OSt
005 20260206113541.0
008 100611s2010 nyu b 001 0 eng
020 _a9781439178379
020 _a9781439180495
040 _aKABLIB
_cKABLIB
_beng
_erda
082 0 0 _a956.05
_223
_bPHA
100 1 _aPhares, Walid,
_915520
245 1 4 _aThe coming revolution :
_bstruggle for freedom in the Middle East /
_cWalid Phares.
250 _a1st Threshold Editions hardcover ed.
260 _aNew York :
_bThreshold Editions,
_c2010.
300 _axv, 383 p. ;
_c25 cm.
504 _aIncludes bibliographical references and index.
650 0 _aDemocracy
_zMiddle East.
_915224
650 0 _aJihad.
_915521
650 0 _aIslam and politics
_zMiddle East.
_915223
650 0 _aDemocracy
_zAfrica, North.
_915522
650 0 _aIslam and politics
_zAfrica, North.
_915523
651 0 _aMiddle East
_xPolitics and government
_y1979-
_915524
651 0 _aAfrica, North
_xPolitics and government
_y21st century.
_915525
942 _2ddc
_cBOOK
999 _c6106
_d6106